Mystery Taylor Swift Song #134 - Statistics

General Stats
  • This quiz has been taken 216 times
  • The average score is 70 of 112
Answer Stats
Song % Correct
a
95%
I
95%
you
94%
folklore
93%
the
93%
be
91%
and
90%
me?
90%
me
90%
to
89%
my
88%
where
87%
In
86%
it
86%
all
85%
I'm
85%
love
85%
do
84%
no
83%
Is
82%
of
82%
don't
81%
Take
81%
for
80%
not
80%
but
79%
What
78%
with
78%
die
77%
the lakes
77%
lakes
76%
like
76%
one
76%
poets
76%
red
76%
how
74%
went
73%
belong
71%
'Cause
70%
neither
70%
out
70%
want
70%
off
69%
without
69%
are
67%
beloved
67%
cry
67%
look
67%
place
67%
too
67%
up
67%
here
65%
these
65%
over
63%
perfect
63%
muse
62%
romantic
61%
should
61%
Those
61%
I've
59%
right
59%
Tell
58%
around
56%
cell
56%
cut
56%
hunters
56%
phones
56%
watch
55%
bare
54%
feet
54%
haven't
54%
peaks
54%
sad
54%
setting
54%
years
53%
grow
52%
rose
52%
moved
50%
some
50%
tweet
50%
worth
50%
grew
49%
under
49%
clones
48%
frozen
48%
heart
48%
words
48%
auroras
47%
ground
47%
waves
47%
come
46%
hurt
46%
prose
46%
skin
46%
Windermere
46%
cynical
45%
far
45%
ice
45%
eulogize
44%
wisteria
44%
stopping
42%
namedropping
41%
grief
40%
elegies
37%
burrowed
36%
cliffside
35%
bathe
34%
calamitous
33%
pools
33%
insurmountable
31%
sleaze
31%
While
27%
No matching quizzes found
Score Distribution
Percent of People with Each Score
Percentile by Number Answered
Your Score History
You have not taken this quiz